000
00189nam a2200085Ia 4500
008
191206s9999 xx 000 0 und d
020
_a
9.7808E+12
245
0
_a
90Robert Mugabe
260
_c
c2014
999
_c
15343
_d
15343